[Event "Fagernes International 2022"]
[Site "Fagernes"]
[Date "2022.04.13"]
[Round "5.2"]
[White "Lund, Terje"]
[Black "Amundsen, Ask"]
[Result "0-1"]
[WhiteElo "2020"]
[BlackElo "1819"]
[Annotator "NA RC"]
[PlyCount "104"]
[EventDate "2022.04.10"]
[EventCountry "NOR"]
[SourceTitle "playchess.com"]
[Source "ChessBase"]
[SourceQuality "1"]

1. d4 {[%emt 0:00:02]} Nf6 {[%emt 0:00:11]} 2. c4 {[%emt 0:00:41]} c5 {[%emt 0:00:13]} 3. d5 {[%emt 0:00:05]} e6 {[%emt 0:00:10]} 4. Nc3 {[%emt 0:00:04]} exd5 {[%emt 0:00:05]} 5. cxd5 {[%emt 0:00:05]} d6 {[%emt 0:00:04]} 6. Nf3 {[%emt 0:00:17]} g6 {[%emt 0:00:06]} 7. g3 {[%emt 0:00:04]} Bg7 {[%emt 0:00:27]} 8. Bg2 {[%emt 0:00:05]} O-O {[%emt 0:00:30]} 9. O-O {[%emt 0:00:05]} a6 {[%emt 0:05:01]} 10. a4 {[%emt 0:00:27]} Nbd7 {[%emt 0:02:26]} 11. h3 {[%emt 0:03:10]} Rb8 {[%emt 0:01:31]} 12. Bf4 {[%emt 0:06:14]} Ne8 {[%emt 0:02:06]} 13. Qd2 {[%emt 0:14:32]} b5 {[%emt 0:06:02]} 14. axb5 {[%emt 0:04:22]} axb5 {[%emt 0:01:17]} 15. Ne4 {[%emt 0:00:28]} Qe7 {[%emt 0:12:50]} 16. Qc2 {[%emt 0:10:53]} f5 {[%emt 0:18:12]} 17. Ned2 {[%emt 0:14:24]} (17. Neg5 $11 {was the only way to keep the balance.}) 17... h6 {[%emt 0:01:26]} (17... Ndf6 $17 18. Qb3 Rb7) 18. h4 {[%emt 0:01:43]} (18. Nb3 $1 $11) 18... Ndf6 {[%emt 0:08:41]} 19. Nh2 {[%emt 0:07:34]} (19. Qb3 $17 {was called for.}) 19... Nh5 {[%emt 0:03:41]} 20. Ndf3 {[%emt 0:02:32]} Nxf4 {[%emt 0:02:26]} 21. gxf4 {[%emt 0:00:05]} Nf6 {[%emt 0:00:33]} 22. Rfd1 {[%emt 0:01:27]} Bb7 {[%emt 0:01:42]} 23. Ne1 {[%emt 0:02:00]} Nh5 {[%emt 0:03:11]} 24. e3 {[%emt 0:03:10]} Qxh4 {[%emt 0:01:40]} 25. Ra5 {[%emt 0:08:14]} Qf6 {[%emt 0:14:49]} (25... b4 $19 26. Nhf3 Qf6) 26. Rd2 {[%emt 0:09:33]} b4 {[%emt 0:02:26]} 27. Bf3 {[%emt 0:05:45]} Qd8 {[%emt 0:01:43]} 28. Ra1 {[%emt 0:01:04]} Nf6 {[%emt 0:02:54]} 29. Nf1 {[%emt 0:00:22]} Ra8 {[%emt 0:00:17]} 30. Rdd1 {[%emt 0:02:50]} Qe7 {[%emt 0:02:45]} 31. Rab1 {[%emt 0:04:12]} Nd7 {[%emt 0:03:26]} 32. Be2 {[%emt 0:03:11]} Nb6 {[%emt 0:00:28]} 33. Bf3 {[%emt 0:04:35]} Kh8 {[%emt 0:00:58]} 34. Nd2 {[%emt 0:00:12]} Ba6 {[%emt 0:01:08]} 35. Ra1 {[%emt 0:00:44]} Bb5 {[%emt 0:00:18]} 36. Rxa8 {[%emt 0:01:07]} Rxa8 {[%emt 0:00:10]} (36... Nxa8 $2 {too greedy.} 37. Ra1 $19) 37. Rb1 {[%emt 0:00:38]} Qf7 {[%emt 0:02:18]} 38. Ng2 {[%emt 0:01:14]} Ra7 {[%emt 0:03:00]} 39. e4 {[%emt 0:00:25]} fxe4 {[%emt 0:01:03]} 40. Bxe4 {[%emt 0:00:52]} Nxd5 {[%emt 0:04:25]} 41. Bxg6 {[%emt 0:05:49]} Qf6 {[%emt 0:01:22]} 42. f5 {[%emt 0:01:36]} Ne7 {[%emt 0:01:52]} 43. Ne4 {[%emt 0:04:29]} Qe5 {[%emt 0:03:50]} 44. Rd1 {[%emt 0:15:08]} Nxf5 {[%emt 0:03:47]} 45. f4 {[%emt 0:01:20]} Qe6 {[%emt 0:02:02]} 46. Nxd6 {[%emt 0:08:28]} Bd4+ {[%emt 0:30:13]} 47. Rxd4 {[%emt 0:01:31]} Nxd4 {[%emt 0:00:22]} 48. Qxc5 {[%emt 0:04:30]} Ra1+ {[%emt 0:01:23]} ({Stronger than} 48... Nf3+ 49. Kf2 Qxg6 50. Qxa7 Qxd6 51. Qa8+ Kh7 52. Qe4+ Kg7 53. Qxf3 $15) 49. Kh2 {[%emt 0:00:22]} Nf3+ {[%emt 0:01:51]} 50. Kg3 {[%emt 0:00:06]} Qxg6+ {[%emt 0:00:16]} 51. Kxf3 {[%emt 0:00:07]} Rf1+ {[%emt 0:00:26]} 52. Ke3 {[%emt 0:00:54]} Qd3# {[%emt 0:00:16]} 0-1

[Event "Fagernes International 2022"]
[Site "Fagernes"]
[Date "2022.04.13"]
[Round "5.3"]
[White "Fiskaaen, Martin Holten"]
[Black "Stromhaug, Kristoffer Wang"]
[Result "1-0"]
[WhiteElo "1880"]
[BlackElo "1694"]
[Annotator "NA RC"]
[PlyCount "65"]
[EventDate "2022.04.10"]
[EventCountry "NOR"]
[SourceTitle "playchess.com"]
[Source "ChessBase"]
[SourceQuality "1"]

1. d4 {[%emt 0:00:07]} d5 {[%emt 0:01:16]} 2. c4 {[%emt 0:00:12]} c6 {[%emt 0:00:09]} 3. Nc3 {[%emt 0:00:07]} Nf6 {[%emt 0:00:17]} 4. e3 {[%emt 0:00:23]} e6 {[%emt 0:00:20]} 5. Nf3 {[%emt 0:00:09]} Nbd7 {[%emt 0:00:17]} 6. Qc2 {[%emt 0:00:08]} Bd6 {[%emt 0:00:47]} 7. Bd3 {[%emt 0:00:07]} O-O {[%emt 0:00:44]} 8. O-O {[%emt 0:00:07]} dxc4 {[%emt 0:03:27]} 9. Bxc4 {[%emt 0:00:07]} b5 {[%emt 0:01:25]} 10. Bd3 {[%emt 0:00:08]} Bb7 {[%emt 0:01:24]} 11. e4 {[%emt 0:00:13]} e5 {[%emt 0:02:09]} 12. h3 {[%emt 0:00:07]} a6 {[%emt 0:04:55]} 13. dxe5 {[%emt 0:00:20]} Nxe5 {[%emt 0:00:44]} 14. Nxe5 {[%emt 0:00:06]} Bxe5 {[%emt 0:00:41]} 15. Be3 {[%emt 0:00:06]} Bd4 {[%emt 0:03:27]} 16. Bxd4 {[%emt 0:01:07]} Qxd4 {[%emt 0:00:25]} 17. Rad1 {[%emt 0:09:12]} Qe5 {[%emt 0:04:48]} 18. f4 {[%emt 0:11:16]} Qc5+ {[%emt 0:02:08]} 19. Kh2 {[%emt 0:04:52]} h6 $2 {[%emt 0:04:16]} (19... Kh8 $16 {was called for.}) 20. e5 {[%emt 0:02:45]} Ne8 {[%emt 0:06:45]} 21. Ne4 {[%emt 0:02:27]} Qe7 {[%emt 0:03:40]} 22. Qc5 {[%emt 0:02:40]} Qxc5 {[%emt 0:00:39]} 23. Nxc5 {[%emt 0:00:06]} Bc8 {[%emt 0:01:46]} 24. Be4 {[%emt 0:01:08]} Nc7 {[%emt 0:00:11]} (24... g6 $142 25. Bxc6 Ra7) 25. Bxc6 {[%emt 0:02:04]} Ra7 {[%emt 0:00:07]} (25... Rb8 $142 26. f5 a5) 26. Nd7 {[%emt 0:02:13]} Bxd7 {[%emt 0:01:23]} 27. Rxd7 {[%emt 0:00:13]} b4 {[%emt 0:04:05]} 28. Rc1 {[%emt 0:02:41]} Rc8 $18 {[%emt 0:01:18]} 29. Bd5 {[%emt 0:01:43]} Kh7 {[%emt 0:00:24]} 30. Bxf7 {[%emt 0:00:21]} Nb5 {[%emt 0:00:15]} 31. Rxc8 {[%emt 0:01:02]} Rxd7 {[%emt 0:00:03]} 32. e6 {[%emt 0:00:24]} (32. Bg8+ $142 Kg6 33. g4 Nd4 34. h4 Nf3+ 35. Kg3 Nxe5 36. fxe5 Rd3+ 37. Kf2) 32... Re7 {[%emt 0:01:01]} 33. f5 {[%emt 0:00:11]} 1-0

[Event "Fagernes International 2022"]
[Site "Fagernes"]
[Date "2022.04.13"]
[Round "5.4"]
[White "Myagmarsuren, Evsuld"]
[Black "Vangen, David Luangtep"]
[Result "1-0"]
[WhiteElo "1858"]
[BlackElo "1665"]
[Annotator "NA RC"]
[PlyCount "41"]
[EventDate "2022.04.10"]
[EventCountry "NOR"]
[SourceTitle "playchess.com"]
[Source "ChessBase"]
[SourceQuality "1"]

{[%evp 13,35,36,41,32767,32767,32767,52,32767,34,32767,75,83,32767,257,247,243,413,32767,32767,470,32767,32767,705,768]} 1. e4 {[%emt 0:02:03]} c5 {[%emt 0:01:12]} 2. Nf3 {[%emt 0:00:05]} d6 {[%emt 0:00:08]} 3. d4 {[%emt 0:00:07]} cxd4 {[%emt 0:00:51]} 4. Nxd4 {[%emt 0:00:10]} Nf6 {[%emt 0:00:22]} 5. Nc3 {[%emt 0:00:05]} Nc6 {[%emt 0:01:53]} 6. h3 {[%emt 0:03:55]} Bd7 {[%emt 0:02:27]} 7. g4 {[%emt 0:03:37]} h6 {[%emt 0:15:05]} 8. Be3 {[%emt 0:07:10]} e6 {[%emt 0:03:24]} 9. Bg2 {[%emt 0:02:36]} a6 {[%emt 0:12:28]} 10. O-O {[%emt 0:06:12]} Qc7 {[%emt 0:06:22]} 11. Qd2 {[%emt 0:04:46]} O-O-O {[%emt 0:13:19]} (11... Rc8 $11 {keeps the balance.}) 12. b4 {[%emt 0:08:36]} (12. a4 $142) 12... Nxb4 {[%emt 0:07:15] [#]} 13. Rab1 $1 {[%emt 0:02:01]} d5 {[%emt 0:01:48]} 14. e5 {[%emt 0:02:05]} ({But not} 14. a3 $6 e5 $16) 14... Ne4 {[%emt 0:06:19]} (14... Qxe5 $2 15. Bf4 Nxg4 16. Bxe5 $18) 15. Nxe4 {[%emt 0:00:56]} dxe4 {[%emt 0:00:19]} 16. Rxb4 $18 {[%emt 0:00:12]} Bxb4 {[%emt 0:01:17]} 17. Qxb4 {[%emt 0:00:15]} Qxe5 {[%emt 0:00:32]} (17... a5 $142 18. Qb3 Bc6 19. Nxc6 Qxc6) 18. Rb1 {[%emt 0:01:07]} b5 {[%emt 0:02:58]} 19. Qa5 {[%emt 0:11:03]} Kb7 {[%emt 0:00:02]} 20. Nb3 {[%emt 0:00:19]} Ra8 {[%emt 0:02:02]} 21. Bxe4+ {[%emt 0:00:41]} 1-0

[Event "Fagernes International 2022"]
[Site "Fagernes"]
[Date "2022.04.13"]
[Round "5.5"]
[White "Simonsen, David Mindestrommen"]
[Black "Langvik, Ulrikke"]
[Result "1/2-1/2"]
[WhiteElo "1633"]
[BlackElo "1579"]
[Annotator "NA RC"]
[PlyCount "70"]
[EventDate "2022.04.10"]
[EventCountry "NOR"]
[SourceTitle "playchess.com"]
[Source "ChessBase"]
[SourceQuality "1"]

1. c4 {[%emt 0:00:02]} e5 {[%emt 0:03:16]} 2. Nf3 {[%emt 0:01:49]} Nc6 {[%emt 0:01:22]} 3. Nc3 {[%emt 0:01:45]} f5 {[%emt 0:05:24]} 4. d3 {[%emt 0:03:58]} Nf6 {[%emt 0:06:27]} 5. Nd5 {[%emt 0:05:16]} e4 {[%emt 0:29:38]} 6. dxe4 {[%emt 0:08:53]} Nxe4 {[%emt 0:03:09]} 7. a3 {[%emt 0:03:07]} Bc5 {[%emt 0:05:40]} 8. Be3 {[%emt 0:06:32]} Bxe3 {[%emt 0:00:59]} 9. Nxe3 {[%emt 0:01:21]} Qf6 {[%emt 0:05:10]} 10. Rb1 {[%emt 0:09:37]} Ne7 {[%emt 0:01:34]} 11. Nd4 {[%emt 0:02:24]} O-O {[%emt 0:04:34]} 12. Qd3 {[%emt 0:08:06]} Nc5 {[%emt 0:09:57]} 13. Qd1 {[%emt 0:01:44]} b6 {[%emt 0:03:39]} 14. Nb5 {[%emt 0:08:27]} c6 {[%emt 0:06:19]} 15. Nd6 {[%emt 0:08:18]} Ne4 {[%emt 0:00:15]} 16. Nxc8 {[%emt 0:01:11]} Raxc8 {[%emt 0:05:51]} 17. Nc2 {[%emt 0:02:12]} d5 {[%emt 0:01:16]} 18. Qd4 {[%emt 0:05:22]} Qh6 {[%emt 0:02:11]} 19. cxd5 {[%emt 0:05:47]} Nxd5 {[%emt 0:00:42]} 20. e3 {[%emt 0:00:30]} Rcd8 {[%emt 0:00:40]} 21. Be2 {[%emt 0:01:55]} Kh8 {[%emt 0:00:40]} 22. Rd1 {[%emt 0:00:45]} Nc5 {[%emt 0:01:35]} 23. O-O {[%emt 0:01:19]} Ne6 {[%emt 0:00:57]} 24. Qa4 {[%emt 0:01:52]} Nc5 {[%emt 0:02:42]} 25. Qd4 {[%emt 0:01:06]} Qg6 {[%emt 0:00:37]} 26. Nb4 {[%emt 0:02:19]} h6 {[%emt 0:00:58]} 27. Qh4 {[%emt 0:02:00]} f4 {[%emt 0:02:05]} 28. Nxd5 {[%emt 0:01:17]} cxd5 {[%emt 0:00:53]} 29. exf4 {[%emt 0:00:25]} Qd6 {[%emt 0:00:13]} 30. Bf3 {[%emt 0:02:41]} d4 {[%emt 0:00:27]} 31. Rd2 {[%emt 0:00:49]} Nb3 {[%emt 0:01:17]} 32. Rd3 {[%emt 0:00:19]} Nc5 {[%emt 0:00:06]} 33. Rd2 {[%emt 0:00:04]} Nb3 {[%emt 0:00:22]} 34. Rd3 {[%emt 0:00:05]} Nc5 {[%emt 0:00:10]} 35. Rd2 {[%emt 0:00:18]} Nb3 {[%emt 0:00:26]} 1/2-1/2

[Event "Fagernes International 2022"]
[Site "Fagernes"]
[Date "2022.04.13"]
[Round "5.6"]
[White "Gasland, Lukas Dominik"]
[Black "Reinhardt, Johannes"]
[Result "1/2-1/2"]
[WhiteElo "1478"]
[BlackElo "1893"]
[Annotator "NA RC"]
[PlyCount "82"]
[EventDate "2022.04.10"]
[EventCountry "NOR"]
[SourceTitle "playchess.com"]
[Source "ChessBase"]
[SourceQuality "1"]

1. e4 {[%emt 0:00:02]} d5 {[%emt 0:00:11]} 2. exd5 {[%emt 0:00:07]} Qxd5 {[%emt 0:00:04]} 3. Nc3 {[%emt 0:00:21]} Qd6 {[%emt 0:00:08]} 4. d4 {[%emt 0:00:34]} Nf6 {[%emt 0:00:11]} 5. Bc4 {[%emt 0:00:31]} a6 {[%emt 0:00:30]} 6. Nge2 {[%emt 0:00:26]} b5 {[%emt 0:09:12] 6...Qc6 is not played anymore.} 7. Bb3 {[%emt 0:00:32]} Bb7 {[%emt 0:04:14]} 8. Bf4 {[%emt 0:02:31]} Qd7 {[%emt 0:02:28]} 9. f3 {[%emt 0:04:39]} e6 {[%emt 0:01:13]} 10. a3 {[%emt 0:03:04]} Be7 {[%emt 0:03:55] [#]} 11. Qd2 $146 {[%emt 0:04:51]} ({Predecessor:} 11. O-O O-O 12. Bg3 Rd8 13. Re1 Nd5 14. Nxd5 Bxd5 15. Bxd5 exd5 {½-½ (15) Altstadt,K (1808)-Reinhardt,J (1792) Greifswald 2013}) 11... c5 {[%emt 0:14:50]} 12. dxc5 {[%emt 0:02:43]} Qxd2+ 13. Bxd2 {[%emt 0:02:41]} Nbd7 {[%emt 0:07:18]} 14. c6 {[%emt 0:06:22]} Bxc6 {[%emt 0:01:17]} 15. Nd4 {[%emt 0:00:05]} Bb7 {[%emt 0:00:28]} 16. O-O-O {[%emt 0:00:23]} O-O {[%emt 0:00:57]} 17. Rhe1 {[%emt 0:02:55]} Nc5 {[%emt 0:18:24]} 18. Bf4 {[%emt 0:08:11]} Nxb3+ {[%emt 0:12:22]} 19. Nxb3 {[%emt 0:00:08]} b4 {[%emt 0:00:33]} 20. axb4 {[%emt 0:00:23]} Bxb4 {[%emt 0:00:39]} 21. Bd6 {[%emt 0:05:49]} Bxc3 {[%emt 0:11:53]} 22. bxc3 {[%emt 0:00:09]} Rfc8 {[%emt 0:01:39]} 23. Nc5 {[%emt 0:02:03]} (23. c4 $11) 23... Bc6 {[%emt 0:00:43]} (23... Bd5 $15 {is superior.}) 24. Rd4 {[%emt 0:02:16]} a5 {[%emt 0:01:52]} 25. Kd2 {[%emt 0:07:16]} Ne8 $15 {[%emt 0:02:56]} 26. Ne4 {[%emt 0:04:07]} Bxe4 {[%emt 0:00:46]} 27. Rexe4 {[%emt 0:00:27]} Nxd6 {[%emt 0:00:18]} 28. Rxd6 {[%emt 0:00:07]} a4 {[%emt 0:00:11]} 29. Rb6 {[%emt 0:00:31]} a3 {[%emt 0:00:28]} 30. Re1 {[%emt 0:00:27]} Rc5 {[%emt 0:02:21]} 31. Reb1 {[%emt 0:06:22]} Rd8+ {[%emt 0:00:43]} 32. Ke1 {[%emt 0:01:41]} h6 {[%emt 0:08:00]} 33. Rb8 {[%emt 0:06:25]} Re5+ {[%emt 0:03:56]} 34. Kf2 {[%emt 0:00:19]} Rxb8 {[%emt 0:00:13]} 35. Rxb8+ {[%emt 0:00:07]} Kh7 {[%emt 0:00:03]} 36. Ra8 {[%emt 0:00:21]} Rb5 {[%emt 0:00:14]} 37. Ke2 {[%emt 0:01:19]} Re5+ {[%emt 0:00:48]} 38. Kf2 {[%emt 0:00:21]} Rb5 {[%emt 0:00:08]} 39. Rxa3 {[%emt 0:00:19]} Rb2 {[%emt 0:00:04]} 40. g4 {[%emt 0:01:15]} Rxc2+ {[%emt 0:00:10]} 41. Kg3 {[%emt 0:00:05]} g5 {[%emt 0:07:46]} 1/2-1/2

[Event "Fagernes International 2022"]
[Site "Fagernes"]
[Date "2022.04.13"]
[Round "5.7"]
[White "Stai, Sondre"]
[Black "Kittilsen, Sigurd"]
[Result "1-0"]
[WhiteElo "1685"]
[BlackElo "1848"]
[Annotator "NA RC"]
[PlyCount "109"]
[EventDate "2022.04.10"]
[EventCountry "NOR"]
[SourceTitle "playchess.com"]
[Source "ChessBase"]
[SourceQuality "1"]

1. e4 {[%emt 0:02:33]} c5 {[%emt 0:00:11]} 2. Nf3 {[%emt 0:00:11]} g6 {[%emt 0:00:12]} 3. d4 {[%emt 0:00:05]} cxd4 {[%emt 0:00:12]} 4. Nxd4 {[%emt 0:00:07]} Nc6 {[%emt 0:00:09]} 5. g3 {[%emt 0:00:48]} Bg7 {[%emt 0:00:35]} 6. Ne2 {[%emt 0:00:08]} Nf6 {[%emt 0:00:39]} 7. Nbc3 {[%emt 0:00:11]} d6 {[%emt 0:00:41]} 8. Bg2 {[%emt 0:00:09]} O-O {[%emt 0:00:15]} 9. O-O {[%emt 0:00:09]} Rb8 {[%emt 0:00:45]} 10. a4 {[%emt 0:01:35]} a6 {[%emt 0:01:08]} 11. Nd5 {[%emt 0:06:13] 11.Nd5 is better than 11.h3.} b5 {[%emt 0:02:57]} 12. axb5 {[%emt 0:01:43]} axb5 {[%emt 0:00:07]} 13. Bg5 {[%emt 0:03:51]} Nd7 {[%emt 0:10:38]} 14. c3 {[%emt 0:13:40]} h6 {[%emt 0:03:54]} 15. Be3 {[%emt 0:05:31]} e6 {[%emt 0:09:20]} 16. Nb4 {[%emt 0:06:50]} Nxb4 {[%emt 0:02:53]} 17. cxb4 {[%emt 0:00:08]} Nb6 {[%emt 0:05:29] [#]} 18. Nd4 $146 {[%emt 0:06:38]} ({Predecessor:} 18. Ra2 Qc7 19. b3 Bb7 20. Qc1 Qxc1 21. Rxc1 Na8 22. Rd2 Rfc8 23. Rxd6 Rxc1+ 24. Nxc1 {1-0 (38) Jansa,V (2507)-Isserman,R (2328) Germany 2004}) 18... Nc4 {[%emt 0:18:20]} (18... Bd7 $11 {keeps the balance.}) 19. Nc6 $1 {[%emt 0:07:24]} Nxe3 {[%emt 0:00:14]} 20. fxe3 {[%emt 0:01:36]} Qb6 {[%emt 0:01:01]} 21. Nxb8 {[%emt 0:00:39]} Qxb8 {[%emt 0:10:57]} 22. Qd3 {[%emt 0:06:18]} Bxb2 {[%emt 0:02:27]} 23. Ra5 {[%emt 0:02:51]} Bd7 {[%emt 0:00:31]} 24. e5 {[%emt 0:09:38]} ({Better is} 24. Rd1 $16) 24... d5 {[%emt 0:12:31]} 25. Rf2 {[%emt 0:11:58]} Bxe5 {[%emt 0:03:30]} 26. Rfa2 {[%emt 0:01:36]} Qd6 {[%emt 0:05:49]} 27. Ra7 {[%emt 0:02:14]} Rc8 {[%emt 0:01:10]} 28. Rc2 {[%emt 0:03:19]} Qxb4 {[%emt 0:08:20]} 29. Rxc8+ {[%emt 0:01:00]} Bxc8 {[%emt 0:00:07]} 30. Qf1 {[%emt 0:03:16]} f5 {[%emt 0:06:44]} 31. Qc1 {[%emt 0:00:38]} Qc4 {[%emt 0:00:52]} 32. Qxc4 {[%emt 0:03:15]} dxc4 {[%emt 0:00:06]} 33. Ra8 {[%emt 0:03:27]} Kf7 {[%emt 0:00:04]} 34. Rxc8 $18 {[%emt 0:00:13]} c3 {[%emt 0:00:15]} 35. Rc5 {[%emt 0:01:26]} b4 {[%emt 0:00:58]} 36. Bc6 {[%emt 0:04:51]} b3 {[%emt 0:03:05]} 37. Ba4 {[%emt 0:00:15]} b2 {[%emt 0:00:31]} 38. Bc2 {[%emt 0:00:07]} Kf6 {[%emt 0:01:15]} 39. Kf2 {[%emt 0:01:17]} g5 {[%emt 0:00:14]} 40. Rc6 {[%emt 0:01:50]} f4 {[%emt 0:00:37]} 41. g4 {[%emt 0:04:23]} fxe3+ {[%emt 0:01:41]} 42. Kxe3 {[%emt 0:00:14]} Bxh2 {[%emt 0:00:29]} 43. Rxc3 {[%emt 0:00:47]} Bf4+ {[%emt 0:03:58]} 44. Ke4 {[%emt 0:00:57]} Bc1 {[%emt 0:01:14]} 45. Rh3 {[%emt 0:01:04]} Kg7 {[%emt 0:01:15]} 46. Ke5 {[%emt 0:00:17]} Bd2 {[%emt 0:01:35]} 47. Kxe6 {[%emt 0:00:20]} Be1 {[%emt 0:00:20]} 48. Rb3 {[%emt 0:00:50]} h5 {[%emt 0:00:51]} 49. Rb7+ {[%emt 0:00:28]} Kf8 {[%emt 0:01:30]} 50. gxh5 {[%emt 0:00:58]} Bg3 {[%emt 0:04:52]} 51. h6 {[%emt 0:00:57]} b1=Q {[%emt 0:00:35]} 52. Bxb1 {[%emt 0:01:18]} Kg8 {[%emt 0:00:11]} 53. Rd7 {[%emt 0:00:56]} Bd6 {[%emt 0:00:28]} 54. Rxd6 {[%emt 0:00:33]} g4 {[%emt 0:00:14]} 55. Rd8# {[%emt 0:00:10]} 1-0

[Event "Fagernes International 2022"]
[Site "Fagernes"]
[Date "2022.04.13"]
[Round "5.8"]
[White "Andersen, Martin K"]
[Black "Wiig, Ole Martin"]
[Result "1-0"]
[WhiteElo "1558"]
[BlackElo "1797"]
[Annotator "NA RC"]
[PlyCount "59"]
[EventDate "2022.04.10"]
[EventCountry "NOR"]
[SourceTitle "playchess.com"]
[Source "ChessBase"]
[SourceQuality "1"]

1. d4 {[%emt 0:00:03]} Nf6 {[%emt 0:00:05]} 2. c4 {[%emt 0:00:06]} e5 {[%emt 0:00:06]} 3. dxe5 {[%emt 0:00:03]} Ng4 {[%emt 0:00:09]} 4. e4 {[%emt 0:00:04]} Nxe5 {[%emt 0:00:54]} 5. f4 {[%emt 0:00:07]} Nec6 {[%emt 0:00:35]} 6. Nc3 {[%emt 0:00:16]} Bb4 {[%emt 0:06:09]} 7. Bd2 {[%emt 0:08:22]} d6 {[%emt 0:04:35]} 8. Nd5 {[%emt 0:04:16]} a5 {[%emt 0:05:57]} 9. Bxb4 {[%emt 0:03:11]} Nxb4 {[%emt 0:02:48]} 10. Nf3 {[%emt 0:04:20]} O-O {[%emt 0:02:16]} 11. Bd3 {[%emt 0:01:36]} Nxd3+ {[%emt 0:07:44]} 12. Qxd3 {[%emt 0:00:23]} Na6 {[%emt 0:04:58]} 13. O-O {[%emt 0:09:14]} Re8 {[%emt 0:05:04]} 14. e5 {[%emt 0:10:28]} h6 {[%emt 0:05:43]} 15. Qc3 {[%emt 0:05:25]} Bf5 {[%emt 0:08:24]} 16. exd6 {[%emt 0:06:43]} Qxd6 {[%emt 0:02:21]} 17. Nh4 {[%emt 0:18:59]} Bd7 {[%emt 0:07:24]} 18. Rad1 {[%emt 0:02:37]} Qc5+ {[%emt 0:02:15]} 19. Kh1 {[%emt 0:03:32]} Bg4 {[%emt 0:05:56]} 20. Rde1 {[%emt 0:10:34]} Rxe1 {[%emt 0:09:55]} 21. Rxe1 {[%emt 0:05:18]} Nb4 {[%emt 0:01:29]} 22. Ne7+ {[%emt 0:03:42]} Kf8 {[%emt 0:00:58]} 23. a3 {[%emt 0:00:32]} Qf2 {[%emt 0:02:43]} 24. Nef5 {[%emt 0:02:52]} Bxf5 {[%emt 0:03:34]} 25. Nxf5 {[%emt 0:00:20]} f6 {[%emt 0:01:54]} 26. axb4 {[%emt 0:00:19]} axb4 {[%emt 0:00:15]} 27. Qe3 {[%emt 0:01:18]} Qxe3 {[%emt 0:01:05]} 28. Nxe3 {[%emt 0:00:09]} Ra2 {[%emt 0:00:51]} 29. Rb1 {[%emt 0:00:36]} Ra5 {[%emt 0:01:36]} 30. b3 {[%emt 0:01:30]} 1-0

[Event "Fagernes International 2022"]
[Site "Fagernes"]
[Date "2022.04.13"]
[Round "5.9"]
[White "Andersen, Edvard"]
[Black "Galinsky, Misha"]
[Result "0-1"]
[WhiteElo "1534"]
[BlackElo "1744"]
[Annotator "NA RC"]
[PlyCount "98"]
[EventDate "2022.04.10"]
[EventCountry "NOR"]
[SourceTitle "playchess.com"]
[Source "ChessBase"]
[SourceQuality "1"]

1. e4 {[%emt 0:00:02]} e5 {[%emt 0:00:04]} 2. Nf3 {[%emt 0:00:05]} Nc6 {[%emt 0:00:05]} 3. Nc3 {[%emt 0:00:06]} Nf6 {[%emt 0:00:33]} 4. Bb5 {[%emt 0:00:56]} d6 {[%emt 0:02:34]} 5. d4 {[%emt 0:00:47]} exd4 {[%emt 0:01:21]} 6. Nxd4 {[%emt 0:00:07]} Bd7 {[%emt 0:00:07]} 7. Nxc6 {[%emt 0:01:57]} Bxc6 {[%emt 0:00:19]} 8. Bxc6+ {[%emt 0:00:14]} bxc6 {[%emt 0:00:02]} 9. O-O {[%emt 0:02:02]} Be7 {[%emt 0:00:49]} 10. Re1 {[%emt 0:01:17]} Nd7 {[%emt 0:00:23]} 11. b3 {[%emt 0:05:43]} Bf6 {[%emt 0:01:13]} 12. Bb2 {[%emt 0:00:24]} O-O {[%emt 0:00:57]} 13. Na4 {[%emt 0:02:07]} Re8 {[%emt 0:00:38]} 14. Qf3 {[%emt 0:02:13]} Re6 {[%emt 0:06:05]} 15. Bxf6 {[%emt 0:02:23]} Qxf6 {[%emt 0:00:23]} 16. Qxf6 {[%emt 0:00:28]} Nxf6 {[%emt 0:00:06]} 17. f3 {[%emt 0:00:14]} Rae8 {[%emt 0:00:44]} 18. Kf2 {[%emt 0:01:01]} Kf8 {[%emt 0:04:10]} 19. Nc3 {[%emt 0:04:49]} d5 {[%emt 0:05:39]} 20. exd5 {[%emt 0:01:54]} cxd5 {[%emt 0:00:25]} 21. Rxe6 Rxe6 {[%emt 0:11:53]} 22. Nb5 {[%emt 0:04:31]} a6 {[%emt 0:12:25]} 23. Nd4 {[%emt 0:01:01]} Rd6 {[%emt 0:04:10]} 24. Re1 c5 {[%emt 0:02:24]} 25. Nf5 {[%emt 0:00:34]} Rd7 {[%emt 0:00:06]} 26. Ke2 {[%emt 0:02:49]} g6 {[%emt 0:00:41]} 27. Ne3 {[%emt 0:01:50]} Ke7 {[%emt 0:01:22]} 28. Kd3 {[%emt 0:02:13]} Kd6 {[%emt 0:00:32]} 29. c4 {[%emt 0:08:47]} d4 {[%emt 0:01:59]} 30. Nf1 {[%emt 0:00:11]} a5 {[%emt 0:01:51]} 31. Nd2 {[%emt 0:02:48]} a4 {[%emt 0:02:17]} 32. Ne4+ {[%emt 0:27:20]} Nxe4 {[%emt 0:00:31]} 33. Rxe4 {[%emt 0:01:43]} axb3 {[%emt 0:01:52]} 34. axb3 {[%emt 0:00:06]} Ra7 {[%emt 0:00:22]} 35. Re2 {[%emt 0:00:15]} Ra3 {[%emt 0:00:52]} 36. Rb2 {[%emt 0:00:17]} f5 {[%emt 0:00:41]} 37. f4 {[%emt 0:02:22]} Kc6 {[%emt 0:00:59]} 38. h3 {[%emt 0:13:15]} Kb6 {[%emt 0:00:14]} 39. g4 {[%emt 0:02:35]} Ka5 {[%emt 0:00:05]} 40. Kd2 {[%emt 0:03:02]} Kb4 {[%emt 0:00:16]} 41. Kc2 {[%emt 0:12:21]} Ra1 {[%emt 0:02:43]} 42. gxf5 {[%emt 0:04:13]} gxf5 {[%emt 0:00:08]} 43. Kd3 {[%emt 0:00:27]} Rh1 {[%emt 0:00:16]} 44. h4 {[%emt 0:00:58]} Rxh4 {[%emt 0:00:18]} 45. Rh2 {[%emt 0:00:19]} Rxf4 {[%emt 0:01:16]} 46. Rxh7 {[%emt 0:00:12]} Rf3+ {[%emt 0:00:20]} 47. Kc2 {[%emt 0:00:39]} Rc3+ {[%emt 0:00:07]} 48. Kd2 {[%emt 0:00:17]} Kxb3 {[%emt 0:00:07]} 49. Rf7 {[%emt 0:01:01]} Rf3 {[%emt 0:00:08]} 0-1